000 00947nam a2200277 i 4500
001 12579
003 ES-MaACL
005 20230906150342.0
007 t|
008 900302m1984 sp ||||0| spa
020 _a84-00-05741-4
020 _a84-00-06853-X
080 _a811.124'02-3=134.2
080 _a811.134.2-3=124'02
245 0 0 _aDiccionario latino /
_credactado y compilado por C. Cantueso, S. Mariner ... [et al.].
260 _aMadrid :
_bInstituto "Antonio de Nebrija" del CSIC,
_c1984-1988.
300 _a2 v. ;
_c31 cm.
505 8 _aContiene: Fasc. 0 y 1
546 _aTexto en español y latín.
650 4 _aLengua latina-
_vDiccionarios-
_xEspañol.
_914295
650 4 _aLengua española-
_vDiccionarios-
_xLatín.
_914144
700 1 _aCantueso, Carmen.
_934699
700 1 _aMariner Bigorra, Sebastián.
_976844
710 2 _aInstituto Antonio de Nebrija.
_94795
852 4 _aES-MaACL
_j2288-F-16-17
_xOlim P-393
999 _c12579
_d12579